Grootste steden van Noord-Nederland - Statistieken

Algemene statistieken
  • Deze quiz is 24 keer genomen
  • De gemiddelde score is 9 van 15
Antwoordstatistieken
Hint Antwoord % Correct
Sc Heerenveen speelthier Heerenveen
100%
Hoofdstad van Friesland Leeuwarden
100%
Ligt bij het Sneekermeer Sneek
100%
Hoofdstad van Drenthe Assen
91%
Hoofdstad van Groningen Groningen
91%
Heeft een Bekend Asielzoekerscentrum Ter Apel
77%
In 1229 werd onder leiding van bisschop Wilbrand van Oldenburg, geheel platgebrand als onderdeel van een vergeldingsactie naar aanleiding van de Slag bij Ane. Emmen
73%
Licht in Flevoland Emmeloord
64%
Licht heel dicht bij Duitsland Delfzijl
50%
De Friese naam is Dokkum Drachten
41%
Omstreeks 1157 sticht Eilwardus Ludinga
het klooster Ludingakerke in het dorp Almenum
Harlingen
36%
Philips, Fokker en Standard Electric
vestigden zich in deze stad
Hoogeveen
36%
Staat bekend als: DeGroene parkstad van het Noorden Veendam
36%
Licht in Frieslandeen oog zit in de naam Lauwersoog
32%
Staat bekend om: de gastvrije sfeer en rijke geschiedenis
die tot uiting komt in de prachtige architectuur en monumentale gebouwen
Beilen
9%
Geen overeenkomende quizzen gevonden
Scoreverdeling
Procent van Mensen met Elke Score
Percentiel versus Aantal Correcte Antwoorden
Uw Scoregeschiedenis
U heeft deze quiz nog niet genomen